000 01544nam0a2200313 4500
001 RU\NLR\bibl\1409301
005 20260407100656.0
010 _a978-5-9795-0370-7
_9100
021 _aRU
_b2009-51421
_93158
035 _a(NLR Aleph) 001401290
090 _a1224082
_c1224082
100 _a20090908d2008 |||y0rusy50 ca
101 0 _arus
102 _aRU
105 _aa |||||||||
200 1 _aПрикладные задачи механики
_eсборник научных трудов
_fФедер. агентство по образованию, Гос. образоват. учреждение высш. проф. образования Ульян. гос. техн. ун-т
_g[редкол.: д.т.н., проф. В.К. Манжосов (отв. ред.) и др.]
210 _aУльяновск
_cУльяновский государственный технический университет
_d2008
215 _a134 с.
_cил.
_d20
320 _aБиблиогр. в конце ст.
606 1 _aПрикладная механика
_jСборники
_9983097
_3RU\NLR\auth\66370323
686 _aВ2я43
702 1 _4070
_8rus
_7ca
_aМанжосов
_bВ. К.
_f1943-
_gВладимир Кузьмич
_3RU\NLR\AUTH\7757344
_940276
712 0 2 _4570
_aУльяновский государственный технический университет
_3RU\NLR\AUTH\889927194
_9350043
801 0 _aRU
_bNLR
_c20090908
_gRCR
801 1 _aRU
_bNLR
_c20090908
942 _cBOOK
980 _aNB
980 _aNBR